00518nam a2200145Ia 4500008004100000020001800041100002600059245007800085260001800163500002400181650003500205942000700240952010800247999001700355230524s9999 xx 000 0 und d a9788128812019 aG.D. Budhiraja936641 0aPower of Positive Thinking: Integrated Life Style for Peace and Happiness bDiamond Books aQuantity Number: 1 aPersonality Development936642 cBK 00104070aTATCLbTATCLcGENd2023-05-24l1p44983q2014-09-20r2024-01-31s2024-01-31w2023-05-24yBK c50679d50679